000 01300cam a2200313 a 4500
999 _c129162
_d129162
001 14115174
003 ARRUPE
005 20190307113928.0
008 050921s2005 dcua bs 000 0 eng d
010 _a 2005282155
035 _a(OCoLC)ocm61276672
040 _aSIMAS
_cSIMAS
_dDBI
_dUNA
_dDLC
042 _alccopycat
043 _afb-----
050 0 0 _aHC800
_b.R35 2005
082 0 0 _a330.967
_222
245 0 0 _aRegional economic outlook :
_bSub-Saharan Africa.
246 3 0 _aSub-Saharan Africa
260 _aWashington, D.C. :
_bInternational Monetary Fund,
_cc2005.
300 _avii, 87 p. :
_bcol. ill. ;
_c28 cm.
440 0 _aWorld economic and financial surveys
_945094
500 _aIssues for 2006- cataloged as a serial in LC.
_5DLC
504 _aIncludes bibliographical references (p. 79-83).
651 0 _aAfrica, Sub-Saharan
_xEconomic conditions.
_920020
651 0 _aAfrica, Sub-Saharan
_xEconomic conditions
_vStatistics.
_945095
710 2 _aInternational Monetary Fund.
_926656
906 _a7
_bcbc
_ccopycat
_d2
_encip
_f20
_gy-gencatlg
942 _2lcc
_cMONOGRAPH